[Event "SVK-chT4 A21 2223"]
[Site "Slovakia"]
[Date "2023.01.29"]
[Round "7.3"]
[White "Paracka, Patrik"]
[Black "Dedacek, Miroslav"]
[Result "1/2-1/2"]
[WhiteElo "1427"]
[BlackElo "1623"]
[PlyCount "100"]
[EventDate "2022.10.09"]
[EventType "team-tourn"]
[EventRounds "11"]
[EventCountry "SVK"]
[SourceTitle "EXT 2024"]
[Source "ChessBase"]
[SourceDate "2023.10.10"]
[SourceVersion "1"]
[SourceVersionDate "2023.10.10"]
[SourceQuality "1"]
[WhiteTeam "Brezova pod Bradlom"]
[BlackTeam "Smolenice"]
[WhiteTeamCountry "SVK"]
[BlackTeamCountry "SVK"]

1. Nf3 d5 2. d4 Nf6 3. c4 e6 4. Nc3 Be7 5. Bg5 Nbd7 6. e3 b6 7. Bd3 Bb7 8. 0-0 0-0 9. Qe2 dxc4 10. Bxc4 Ne4 11. Bf4 Bd6 12. Bxd6 cxd6 13. Rac1 a6 14. Nxe4 Bxe4 15. Bxa6 Nb8 16. Bc4 d5 17. Bb3 Na6 18. a3 Bxf3 19. Qxf3 Qd7 20. Qe2 Nc7 21. Rc2 Rfc8 22. Rfc1 Ne8 23. Rxc8 Rxc8 24. Rxc8 Qxc8 25. Qc2 Nd6 26. Qxc8+ Nxc8 27. Kf1 Kf8 28. Ke2 Ke7 29. Kd2 Nd6 30. Bc2 h6 31. Bd3 f6 32. Kc3 Kd7 33. a4 Kc6 34. b4 e5 35. b5+ Kc7 36. Kb4 Nb7 37. Bg6 Kd6 38. f3 Na5 39. Bd3 Nb7 40. Kc3 Na5 41. e4 exd4+ 42. Kxd4 Nb3+ 43. Kc3 Na5 44. g3 Kc5 45. exd5 Kxd5 46. h4 Kc5 47. h5 Nb7 48. g4 Na5 49. Be2 Nb7 50. Bd3 Na5 1/2-1/2